000 00353nam a2200133 4500
999 _c510635
_d510635
008 190827b ||||| |||| 00| 0 eng d
100 _aShrivastava, Mukesh Kumar
_98940
245 _aProspects of rural tourism in North
260 _c2019
300 _ap.46-50.
773 _aKurukshetra
906 _aTourism - India - North East
942 _2ddc
_cAR